000 01292nam1a22002771 4500
001 rc\3130902
005 20120615095605.5
035 _a(NLR Aleph) 007285180
090 _a5551245
_c5551245
100 _a20120615g1975 |||y0rusy50 ca
101 0 _arus
102 _aRU
105 _ay z |||||
200 1 _aПрогноз использования и воспроизводства лесных ресурсов по экономическим районам СССР до 2000 г.
_fПод ред. проф. Г.И. Воробьева
_gАН СССР. Комис. по изучению производит. сил и природных ресурсов при Президиуме АН СССР. Гос. ком. лесного хоз-ва Совета Министров СССР. Т. 1-2
210 _aМосква
_cБ. и.
_d1975-
215 _a2 т.
_d21
300 _aНа обороте тит. л. авт.: Г.И. Воробьев, С.А. Викуловский, В.Д. Григорьев [и др.]
333 _aДСП
701 1 _aВикуловский
_bС. А.
701 1 _aВоробьев
_bГ. И.
_4340
701 1 _aГригорьев
_bВ. Д.
801 0 _aRU
_bNLR
_gpsbo
801 1 _aRU
_bELAR
_2rusmarc
852 _aNLR
_j76-50К/105
942 _cBOOK
980 _aNB